Estatísticas para D'zrt

Clique aqui para jogar o quiz

Estatísticas Gerais

  • Esse quiz foi jogado 10 vezes
  • A pontuação média é 10 de 34

Estatísticas das Respostas

HintResposta% Correto
1.Querer Voltar
83%
3.Verão Azul
83%
16.Caminho a Seguir
50%
9.Feeling
50%
4.Para mim tanto Faz
50%
11.Breathe Love
33%
19.Enquanto não Vencer
33%
18.Entra no meu Espaço
33%
22.Falso
33%
2.Filosofia Rara
33%
17.Hás-de sempre Estar
33%
5.Herói por um Dia
33%
21.Indecente
33%
10.Mexe
33%
20.Nada a Temer
33%
15.Onde Estás
33%
14.Quem eu quero pra Mim
33%
8.Todo o Tempo
33%
7.Amanhã não Sei
17%
24.A tua vez já Passou
17%
33.Declaro Independência
17%
29.D'zrt Revolução
17%
35.Esquece tudo e Dança
17%
23.Essência
17%
13.Estar ao pé de Ti
17%
28.Imagina Comigo
17%
26.Jogo Perigoso
17%
32.O minuto da Vida
17%
12.Percorre o meu Sonho
17%
34.Só depende de Nós
17%
31.Tudo num Segundo
17%
6.I Do't Wanna to Talk About
0%
27.Sentido da Vida
0%
30.stuttgart 4tº
0%

Distribuição das Pontuações

Percentil de Números Respondidos

Porcentagem de Pessoas com Cada Pontuação

Sua Pontuação Histórica

Você não jogou esse quiz